Monografía de Cartagena (Registro nro. 239555)

Detalles MARC
000 -ENCABEZADO
Número de control [NR] 01447cam a2200301 a 4500
005 - FECHA Y HORA DE LA ÚLTIMA TRANSACCIÓN
control field 20140903175033.0
008 - DE LONGITUD FIJA DE DATOS DE ELEMENTOS - INFORMACIÓN GENERAL
Elementos de longitud fija [NR] 140226s2011 ck a frn 001 0 spa d
020 ## - NUMERO INTERNACIONAL NORMALIZADO PARA LIBROS [R]
Número Internacional Normalizado del libro [NR] 9789588463037 (Colección)
020 ## - NUMERO INTERNACIONAL NORMALIZADO PARA LIBROS [R]
Número Internacional Normalizado del libro [NR] 9789588736136
040 ## - FUENTE DE CATALOGACION [NR]
Agencia de catalogación original [NR] CO-BoUCM
Idioma de catalogación [NR] spa
Quien Cataloga
Quien Clasifica
041 0# - CODIGO DE IDIOMA [R]
Código de idioma para texto/pista de sonido o título separado [R] Español
043 ## - CODIGO DE AREA GEOGRAFICA [NR]
Código de área geográfica [R] s-ck-cd
100 1# - ASIENTO PRINCIPAL--NOMBRE PERSONAL [NR]
Nombre personal [NR] Pretelt Burgos, Manuel Ezequiel
ID Autoridad 57292
245 10 - MENCION DE TITULO [NR]
Título [NR] Monografía de Cartagena
Parte restante del título [NR] Colombia
Mención de responsabilidad, etc. [NR] Manuel Ezequiel Pretelt Burgos ; prólogo Alfonso Múnera Cavadia
250 ## - MENCION DE EDICION [NR]
Mención de edición [NR] 2a ed
260 ## - PUBLICACION, DISTRIBUCION, ETC. (PIE DE IMPRENTA) [R]
Lugar de publicación, distribución, etc. [R] Cartagena, Colombia
Nombre del editor, distribuidor, etc. [R] Universidad de Cartagena
-- Instituto Internacional de Estudios del Caribe
-- Alcaldia Mayor de Cartagena de Indias
-- Instituto de Patrimonio y Cultura de Cartagena
Fecha de publicación, distribución, etc. [R] 2011
300 ## - DESCRIPCION FISICA [R]
Extensión [R] 287 páginas
Otros detalles físicos [NR] ilustraciones
490 #0 - MENCION DE SERIE [R]
Mención de serie [R] Colección Biblioteca Bicentenario de la la Independencia de Cartagena de Indias
Designación numérica/secuencial del volumen [NR] 8
-- 57293
500 ## - NOTA GENERAL [R]
Nota general [NR] Incluye índice
650 #7 - ASIENTO SECUNDARIO DE MATERIA - TERMINO TEMATICO [R]
9 (RLIN) 44409
Término temático o nombre geográfico como elemento de entrada [NR] Identidad cultural
Subdivisión geográfica [R] Cartagena de Indias (Bolívar, Colombia)
651 #4 - ASIENTO SECUNDARIO DE MATERIA - NOMBRE GEOGRAFICO [R]
Nombre geográfico [NR] Cartagena de Indias (Bolívar, Colombia)
Subdivisión general [R] Historia
9 (RLIN) 57257
651 #4 - ASIENTO SECUNDARIO DE MATERIA - NOMBRE GEOGRAFICO [R]
Nombre geográfico [NR] Cartagena de Indias (Bolívar, Colombia)
Subdivisión general [R] Política y Gobierno
9 (RLIN) 57294
651 #4 - ASIENTO SECUNDARIO DE MATERIA - NOMBRE GEOGRAFICO [R]
Nombre geográfico [NR] Cartagena de Indias (Bolívar, Colombia)
Subdivisión general [R] Vida social y costumbres
9 (RLIN) 44525
690 ## - ASUNTO AGREGADO LOCAL DE ENTRADA - TÉRMINO TEMÁTICO (OCLC, RLIN)
9 (RLIN) 42845
Acceso temático local Historia de Colombia
700 1# - ASIENTO SECUNDARIO - NOMBRE PERSONAL [R]
Nombre personal [NR] Múnera Cavadia, Alfonso
Fechas asociadas con el nombre [NR] 1953-
Término de relación [R] prólogo
9 (RLIN) 57295
942 ## - ELEMENTOS DE ENTRADA AGREGADOS (KOHA)
Tema principal Historia
Tipo de ítem principal el descrito en 300a Libro
Edición 1
Parte restante de la signatura top. P942
Sistema de clasificación DEWEY
Clasificación 986.1861142
Existencias
Total préstamos Signatura topográfica Código de barras Última vez visto Ejemplar Costo de reposición Price effective from Tipo de ítem Perdido Sistema de clasificación Dañado No prestable Tipo de ítem específico Suprimido Ubicación habitual Ubicación actual Localización Fecha de creación Proveedor Forma de adquisición Costo
  986.1861142 P942 100138930 09/12/2025 Ej.1 26000.00 27/01/2014 Libro   DEWEY     Libro   Claustro Claustro 2do piso 27/01/2014 12 Donación 0.00